[Event "Roseto op 5th"]
[Site "Roseto"]
[Date "2014.01.05"]
[Round "5"]
[White "Patelli, Alessandro"]
[Black "Marholev, Dimitar"]
[Result "1/2-1/2"]
[WhiteElo "2186"]
[BlackElo "2321"]
[PlyCount "162"]
[EventDate "2014.01.03"]
[EventType "swiss"]
[EventRounds "7"]
[EventCountry "ITA"]
[SourceTitle "EXT 2015"]
[Source "ChessBase"]
[SourceDate "2014.11.20"]
[SourceVersion "1"]
[SourceVersionDate "2014.11.20"]
[SourceQuality "1"]

1. d4 Nf6 2. c4 g6 3. Nc3 Bg7 4. e4 d6 5. Nf3 0-0 6. h3 Na6 7. Bg5 Qe8 8. g4 c5 9. Bg2 cxd4 10. Nxd4 Nc5 11. 0-0 Qd8 12. Qd2 Re8 13. Be3 a6 14. Rac1 Bd7 15. g5 Nh5 16. Nde2 Rc8 17. f4 b5 18. cxb5 axb5 19. b4 Na4 20. Nxa4 bxa4 21. Rxc8 Qxc8 22. Rc1 Qb8 23. a3 Rc8 24. e5 Rxc1+ 25. Nxc1 Bb5 26. exd6 exd6 27. Ne2 Qe8 28. Nd4 Bd7 29. Qd3 Ng3 30. Kh2 Nf5 31. Bf2 Bxd4 32. Bxd4 Bc6 33. Bb2 Bxg2 34. Qc3 Kf8 35. Qh8+ Ke7 36. Qxe8+ Kxe8 37. Kxg2 Ne3+ 38. Kf3 Nc4 39. Bc1 d5 40. Ke2 Nd6 41. Kd3 Nb5 42. Bb2 Kd7 43. Ke3 Kd6 44. Be5+ Ke6 45. Bb2 Kf5 46. Bc1 f6 47. h4 Ke6 48. Kd3 fxg5 49. hxg5 Kf5 50. Ke3 Kg4 51. Bb2 Kg3 52. Bc1 Kg2 53. Ke2 Kg3 54. Ke3 Kg4 55. Bb2 Kf5 56. Bc1 Ke6 57. Kd3 Kd6 58. Bb2 Kc6 59. Bc1 Nd6 60. Kd4 Nc4 61. Kd3 Nb6 62. Kd4 Kd6 63. Bd2 Kc6 64. Bc1 Nc4 65. Kd3 Nd6 66. Kd4 Nf5+ 67. Ke5 Nd6 68. Kf6 d4 69. Kg7 d3 70. Kxh7 Nc4 71. f5 gxf5 72. g6 Nd6 73. g7 Ne8 74. g8Q Nf6+ 75. Kg7 Nxg8 76. Kxg8 Kd5 77. Kg7 Ke4 78. b5 Kd5 79. Kf6 Kc5 80. Kxf5 Kxb5 81. Ke4 Kc6 1/2-1/2

[Event "Bratto op 24th"]
[Site "Bratto"]
[Date "2004.08.27"]
[Round "8"]
[White "Guido, Flavio"]
[Black "Patelli, Alessandro"]
[Result "0-1"]
[WhiteElo "2338"]
[BlackElo "2211"]
[PlyCount "58"]
[EventDate "2004.08.20"]
[EventType "swiss"]
[EventRounds "9"]
[EventCountry "ITA"]
[SourceTitle "CBM 101 Extra"]
[Source "ChessBase"]
[SourceDate "2004.09.01"]
[SourceVersion "2"]
[SourceVersionDate "2004.09.01"]
[SourceQuality "1"]

1. e4 c5 2. c3 d5 3. exd5 Qxd5 4. d4 Nf6 5. Nf3 e6 6. Bd3 Nc6 7. 0-0 cxd4 8. cxd4 Be7 9. Nc3 Qd6 10. Nb5 Qd8 11. Bf4 Nd5 12. Bg3 a6 13. Nc3 0-0 14. Rc1 b5 15. Nxd5 Qxd5 16. Bxh7+ Kxh7 17. Qc2+ Kg8 18. Qxc6 Bb7 19. Qb6 Rfc8 20. Bc7 a5 21. Bf4 g5 22. Rxc8+ Rxc8 23. Bc7 g4 24. Ne1 Bb4 25. f3 Bxe1 26. Rxe1 gxf3 27. Re3 f2+ 28. Kxf2 Qf5+ 29. Kg3 Qg6+ 0-1

[Event "Bratto op 24th"]
[Site "Bratto"]
[Date "2004.08.23"]
[Round "4"]
[White "Patelli, Alessandro"]
[Black "Bergez, Luc"]
[Result "0-1"]
[WhiteElo "2211"]
[BlackElo "2376"]
[PlyCount "92"]
[EventDate "2004.08.20"]
[EventType "swiss"]
[EventRounds "9"]
[EventCountry "ITA"]
[SourceTitle "CBM 101 Extra"]
[Source "ChessBase"]
[SourceDate "2004.09.01"]
[SourceVersion "2"]
[SourceVersionDate "2004.09.01"]
[SourceQuality "1"]

1. Nf3 d5 2. d4 Nf6 3. c4 e6 4. g3 Be7 5. Bg2 0-0 6. 0-0 dxc4 7. Qc2 a6 8. Qxc4 b5 9. Qc2 Bb7 10. Bd2 Nc6 11. e3 Nb4 12. Bxb4 Bxb4 13. a3 Be7 14. Nbd2 Ra7 15. Rfc1 Qa8 16. Ne1 Bd5 17. Bxd5 exd5 18. Nd3 Qc8 19. Nb4 Bd6 20. Kg2 h5 21. h4 Re8 22. Nf3 a5 23. Nc6 Ra6 24. Qd3 Ne4 25. Nce5 Rb6 26. Qe2 f6 27. Nd3 Qg4 28. Ng1 Qg6 29. Qf3 Nxg3 30. fxg3 Qxd3 31. Qxd5+ Kf8 32. Qxh5 Rxe3 33. Qh8+ Kf7 34. Qh5+ Kg8 35. Re1 Rxg3+ 36. Kh1 Rh3+ 37. Nxh3 Qxh3+ 38. Kg1 Bh2+ 39. Kf2 Qg3+ 40. Ke2 Re6+ 41. Kd2 Qf2+ 42. Re2 Qxd4+ 43. Kc2 Qc4+ 44. Kd2 Bf4+ 45. Ke1 Qd3 46. Rd1 Bg3+ 0-1

[Event "Bratto op 24th"]
[Site "Bratto"]
[Date "2004.08.22"]
[Round "3"]
[White "Patelli, Alessandro"]
[Black "Ticozzi, Stefano"]
[Result "1-0"]
[WhiteElo "2211"]
[BlackElo "2079"]
[PlyCount "121"]
[EventDate "2004.08.20"]
[EventType "swiss"]
[EventRounds "9"]
[EventCountry "ITA"]
[SourceTitle "CBM 101 Extra"]
[Source "ChessBase"]
[SourceDate "2004.09.01"]
[SourceVersion "2"]
[SourceVersionDate "2004.09.01"]
[SourceQuality "1"]

1. d4 Nf6 2. c4 c6 3. Nf3 d5 4. Qc2 e6 5. g3 Bd6 6. Bg2 Nbd7 7. Nbd2 0-0 8. 0-0 Qe7 9. b3 Re8 10. Bb2 e5 11. cxd5 cxd5 12. dxe5 Nxe5 13. Nd4 Bd7 14. Nf5 Bxf5 15. Qxf5 Ba3 16. Bd4 Bc5 17. Bxc5 Qxc5 18. Rac1 Qd6 19. Rfd1 Qa6 20. e4 g6 21. Qg5 dxe4 22. Nxe4 Nxe4 23. Bxe4 Nc6 24. Bxc6 bxc6 25. Rd2 Re2 26. Rcd1 Rxd2 27. Rxd2 Re8 28. Kg2 Qb7 29. Qc5 Qb6 30. Rc2 Re6 31. b4 Qb7 32. Rd2 Qb6 33. Rc2 Qb7 34. a4 Qd7 35. Rc4 Rd6 36. Rc3 Kg7 37. Re3 Rd5 38. Qc3+ Kg8 39. a5 Rh5 40. h4 Rd5 41. Qe1 Kf8 42. Re5 h5 43. Qe3 Rxe5 44. Qxe5 Kg8 45. Qc5 Kg7 46. Kf3 Qd1+ 47. Kf4 Qg4+ 48. Ke5 Qe6+ 49. Kd4 Qd7+ 50. Kc3 Kg8 51. Qd4 Qc7 52. Kc4 Qe7 53. Qe3 Kf8 54. Qc5 f6 55. b5 cxb5+ 56. Kxb5 Qxc5+ 57. Kxc5 Ke7 58. Kc6 g5 59. Kb7 Kd7 60. Kxa7 Kc7 61. f4 1-0

[Event "ITA-chT A2 36th"]
[Site "Italy"]
[Date "2004.04.04"]
[Round "4"]
[White "Baccaro, Franco"]
[Black "Patelli, Alessandro"]
[Result "0-1"]
[WhiteElo "2161"]
[BlackElo "2211"]
[PlyCount "68"]
[EventDate "2004.02.22"]
[EventType "team"]
[EventRounds "7"]
[EventCountry "ITA"]
[SourceTitle "EXT 2009"]
[Source "ChessBase"]
[SourceDate "2008.11.26"]
[SourceVersion "1"]
[SourceVersionDate "2008.11.26"]
[SourceQuality "1"]

1. d4 Nf6 2. Nf3 e6 3. e3 c5 4. Bd3 b6 5. 0-0 Bb7 6. c4 Be7 7. Nc3 d5 8. cxd5 exd5 9. dxc5 bxc5 10. b3 0-0 11. Bb2 Nbd7 12. Be2 Rc8 13. Qd3 Bd6 14. Rfd1 Qe7 15. Qf5 Bb8 16. Rd2 Rcd8 17. Qg5 h6 18. Qh4 Ne5 19. Nxe5 Bxe5 20. Na4 Bxb2 21. Nxb2 Qe5 22. Bf3 Rfe8 23. Rad1 g5 24. Qxh6 g4 25. Be2 Ne4 26. Rc2 Nxf2 27. Kxf2 Rd6 28. Nd3 Qe7 29. Qh5 Qxe3+ 30. Kf1 Rf6+ 31. Bf3 gxf3 32. gxf3 Rxf3+ 33. Rf2 Qe2+ 34. Kg2 Qxf2+ 0-1

[Event "ITA-chT32nd"]
[Site "Castel Lagopesole"]
[Date "2000.05.13"]
[Round "?"]
[White "Patelli, Alessandro"]
[Black "Mauro, Alan"]
[Result "1-0"]
[WhiteElo "2233"]
[BlackElo "2231"]
[PlyCount "139"]
[EventDate "2000.05.13"]
[EventType "team-tourn"]
[EventRounds "9"]
[EventCountry "ITA"]
[SourceTitle "EXT 2001"]
[Source "ChessBase"]
[SourceDate "2000.11.22"]
[SourceVersion "1"]
[SourceVersionDate "2000.11.22"]
[SourceQuality "1"]

1. d4 Nf6 2. c4 g6 3. Nc3 Bg7 4. e4 d6 5. Nf3 0-0 6. Be2 Bg4 7. Be3 Nc6 8. d5 Bxf3 9. gxf3 Ne5 10. f4 Ned7 11. Qd2 c6 12. 0-0-0 cxd5 13. cxd5 Rc8 14. f3 Nh5 15. Kb1 a6 16. f5 Qa5 17. Rc1 Ne5 18. Bd4 Qb4 19. Rhd1 Nc4 20. Bxc4 Bxd4 21. Qxd4 Rxc4 22. Qe3 Rfc8 23. fxg6 hxg6 24. Ne2 Nf6 25. Rxc4 Rxc4 26. Rg1 Qc5 27. Qxc5 Rxc5 28. Nf4 Kg7 29. Ne2 Nd7 30. Rc1 Rxc1+ 31. Kxc1 Ne5 32. Nd4 Kh6 33. Kd2 Kg5 34. Ke2 Kf4 35. b3 Nd7 36. Kf2 Nc5 37. Ne2+ Kg5 38. Kg3 Nd3 39. a3 e5 40. dxe6 fxe6 41. f4+ Kf6 42. Nc3 b5 43. Kg4 Ne1 44. h4 Nc2 45. e5+ dxe5 46. Ne4+ Kg7 47. fxe5 Nd4 48. b4 Nc6 49. Kf4 a5 50. bxa5 Nxa5 51. Nd6 Kh6 52. Nxb5 Kh5 53. Nc7 Kxh4 54. Nxe6 Kh5 55. a4 Nc6 56. Ng5 Kh6 57. Nf3 Kg7 58. Ke4 Kf7 59. Kd5 Na5 60. Kd6 Nc4+ 61. Kc5 Na5 62. Ng5+ Ke7 63. e6 Kd8 64. Kb5 Nb7 65. a5 Kc7 66. Nf7 g5 67. a6 g4 68. a7 g3 69. a8Q g2 70. Qa1 1-0

[Event "Arco op 22nd"]
[Site "Arco"]
[Date "2000.??.??"]
[Round "1"]
[White "Pienabarca, Nicola"]
[Black "Patelli, Alessandro"]
[Result "0-1"]
[WhiteElo "2030"]
[BlackElo "2233"]
[PlyCount "104"]
[EventDate "2000.10.??"]
[EventType "swiss"]
[EventRounds "9"]
[EventCountry "ITA"]
[SourceTitle "EXT 2001"]
[Source "ChessBase"]
[SourceDate "2000.11.22"]
[SourceVersion "1"]
[SourceVersionDate "2000.11.22"]
[SourceQuality "1"]

1. d4 Nf6 2. c4 e6 3. Nc3 Bb4 4. Qc2 d5 5. cxd5 Qxd5 6. e3 e5 7. Bd2 Bxc3 8. bxc3 exd4 9. cxd4 0-0 10. Nf3 Nc6 11. Bc4 Qh5 12. 0-0 Re8 13. Qb3 Ne4 14. Qb5 Bg4 15. Qxh5 Bxh5 16. Bc1 Nd6 17. Bd3 Nb4 18. Bb1 f6 19. Ba3 a5 20. Bxb4 axb4 21. Bd3 Ra3 22. Rfd1 Rea8 23. Rab1 Rxd3 24. Rxd3 Bg6 25. Ne1 Rxa2 26. f3 Bxd3 27. Nxd3 Ra3 28. Nxb4 Rxe3 29. Nd5 Rd3 30. Nxc7 Rxd4 31. Ne6 Rc4 32. Rb6 Rc6 33. Rxc6 bxc6 34. Kf2 Nb7 35. Ke3 Kf7 36. Nf4 Nc5 37. Ne2 Ne6 38. Kd3 f5 39. Nc3 Nf4+ 40. Kd4 Nxg2 41. Kc5 Ne1 42. f4 Kg6 43. Kxc6 Nf3 44. Kd6 Nxh2 45. Ke6 Nf1 46. Nd5 Ng3 47. Ne3 Kh5 48. Ke5 g6 49. Kf6 Ne2 50. Ke5 Kh4 51. Nd5 Kg3 52. Nf6 h5 0-1

[Event "Montecatini Terme op 8th"]
[Site "Montecatini Terme"]
[Date "1999.08.01"]
[Round "2"]
[White "Patelli, Alessandro"]
[Black "Efimov, Igor"]
[Result "0-1"]
[WhiteElo "2225"]
[BlackElo "2445"]
[PlyCount "96"]
[EventDate "1999.07.31"]
[EventType "swiss"]
[EventRounds "9"]
[EventCountry "ITA"]
[SourceTitle "EXT 2000"]
[Source "ChessBase"]
[SourceDate "1999.11.16"]
[SourceVersion "1"]
[SourceVersionDate "1999.11.16"]
[SourceQuality "1"]

1. Nf3 c5 2. c4 b6 3. g3 Bb7 4. Bg2 Nf6 5. 0-0 g6 6. b3 Bg7 7. Bb2 0-0 8. d4 cxd4 9. Nxd4 Bxg2 10. Kxg2 Na6 11. Nc3 Rc8 12. e4 Nc5 13. f3 a6 14. Nc2 Ne8 15. Rb1 f5 16. exf5 gxf5 17. Nd5 Bxb2 18. Rxb2 e6 19. Nf4 Qf6 20. Rb1 b5 21. Rf2 Rf7 22. cxb5 axb5 23. Qe2 Nc7 24. Nd3 Nd5 25. Nxc5 Nc3 26. Qd3 Rxc5 27. Re1 Rd5 28. Qf1 f4 29. Nb4 Rg5 30. g4 d5 31. Nd3 d4 32. h4 Rd5 33. Re4 Nxe4 34. fxe4 Rdd7 35. g5 Qg6 36. Rxf4 Rxf4 37. Qxf4 Rf7 38. Qg4 Ra7 39. a4 bxa4 40. bxa4 Rxa4 41. Ne5 Ra2+ 42. Kh3 Ra3+ 43. Kg2 Qe8 44. g6 Ra2+ 45. Kh3 Ra5 46. Qg3 h5 47. Nc4 Rc5 48. Nd6 Qf8 0-1

[Event "Jesolo op"]
[Site "Jesolo"]
[Date "1999.??.??"]
[Round "1"]
[White "Djuric, Stefan"]
[Black "Patelli, Alessandro"]
[Result "1-0"]
[WhiteElo "2504"]
[BlackElo "2225"]
[PlyCount "63"]
[EventDate "1999.??.??"]
[EventType "swiss"]
[EventRounds "6"]
[EventCountry "ITA"]
[SourceTitle "EXT 2001"]
[Source "ChessBase"]
[SourceDate "2000.11.22"]
[SourceVersion "1"]
[SourceVersionDate "2000.11.22"]
[SourceQuality "1"]

1. e4 c5 2. Nf3 Nc6 3. Bb5 g6 4. 0-0 Bg7 5. c3 Nf6 6. Re1 0-0 7. h3 Ne8 8. d4 cxd4 9. cxd4 Nc7 10. a4 d5 11. e5 Bd7 12. Bf1 f6 13. exf6 Rxf6 14. Be3 Qf8 15. Nbd2 h6 16. Rc1 Qd8 17. Qb3 Kh7 18. Bd3 Ne6 19. Bb1 Nf4 20. Ne5 Be8 21. Ndf3 Na5 22. Qc2 Ne6 23. Bd2 Nf8 24. Qd1 Qb6 25. Ng4 Re6 26. Ne3 Rd8 27. Ba2 Bc6 28. b4 Nc4 29. b5 Nxe3 30. fxe3 Be8 31. Rc5 Red6 32. a5 1-0

[Event "Bratto op 19th"]
[Site "Bratto"]
[Date "1999.??.??"]
[Round "8"]
[White "Patelli, Alessandro"]
[Black "Astengo, Corrado"]
[Result "1-0"]
[WhiteElo "2225"]
[BlackElo "2191"]
[PlyCount "153"]
[EventDate "1999.??.??"]
[EventType "swiss"]
[EventRounds "9"]
[EventCountry "ITA"]
[SourceTitle "EXT 2000"]
[Source "ChessBase"]
[SourceDate "1999.11.16"]
[SourceVersion "1"]
[SourceVersionDate "1999.11.16"]
[SourceQuality "1"]

1. d4 Nf6 2. c4 e6 3. Nc3 Bb4 4. e3 c5 5. Nge2 cxd4 6. exd4 0-0 7. a3 Be7 8. d5 exd5 9. cxd5 Bc5 10. b4 Bb6 11. Na4 Ng4 12. Nxb6 Qxb6 13. Qd4 Qxd4 14. Nxd4 b6 15. Be2 Nf6 16. d6 Bb7 17. 0-0 Be4 18. Re1 a6 19. Bg5 Nc6 20. Rad1 Rfe8 21. f3 Nxd4 22. Rxd4 Bg6 23. Kf2 b5 24. Rc1 Rac8 25. Rc7 Bf5 26. a4 Rxc7 27. dxc7 Rc8 28. axb5 axb5 29. Bf4 g5 30. Be5 Ne8 31. Bxb5 f6 32. Bg3 Nxc7 33. Bxd7 Rd8 34. Bxf5 Rxd4 35. Bxc7 Rxb4 36. Bd6 Rb2+ 37. Kg3 Kg7 38. Be4 Ra2 39. Bc7 Rb2 40. Bd8 Rd2 41. Be7 h6 42. Kh3 Rb2 43. g4 Ra2 44. Kg3 Rb2 45. h4 Rb3 46. h5 Rb2 47. Bc5 Rb5 48. Be3 Rb3 49. Kf2 Rb2+ 50. Ke1 Ra2 51. Bd2 Ra3 52. Ke2 Rb3 53. Bd3 Rb6 54. Bc4 Rb7 55. Ke3 Re7+ 56. Kd4 Re8 57. Ba5 Ra8 58. Bb6 Re8 59. Kd5 Rb8 60. Kc6 Rc8+ 61. Bc7 Re8 62. Bd5 Ra8 63. Bb6 Ra6 64. Kc7 Ra3 65. Bc5 Ra6 66. Be7 Ra3 67. Kd6 Ra7 68. Ke6 Ra6+ 69. Kd7 Rb6 70. Bd6 Rb5 71. Be4 Rb6 72. Ke7 Ra6 73. Bc5 Ra4 74. Ke8 f5 75. gxf5 g4 76. Be7 g3 77. f6+ 1-0

[Event "Bratto op 19th"]
[Site "Bratto"]
[Date "1999.??.??"]
[Round "5"]
[White "Patelli, Alessandro"]
[Black "Battaggia, Piergiorgio"]
[Result "0-1"]
[WhiteElo "2225"]
[BlackElo "2083"]
[PlyCount "42"]
[EventDate "1999.??.??"]
[EventType "swiss"]
[EventRounds "9"]
[EventCountry "ITA"]
[SourceTitle "EXT 2000"]
[Source "ChessBase"]
[SourceDate "1999.11.16"]
[SourceVersion "1"]
[SourceVersionDate "1999.11.16"]
[SourceQuality "1"]

1. Nf3 d5 2. d4 Nf6 3. c4 e6 4. Nc3 Be7 5. Bg5 0-0 6. e3 h6 7. Bh4 Ne4 8. Bxe7 Qxe7 9. cxd5 Nxc3 10. bxc3 exd5 11. Qb3 Rd8 12. c4 dxc4 13. Bxc4 Nc6 14. Be2 Rd6 15. 0-0 Be6 16. Qc3 Bd5 17. Nd2 Nxd4 18. Qxd4 Bxg2 19. Qc3 Rg6 20. Rfc1 Bh3+ 21. Kh1 Qg5 0-1

[Event "Jesolo op"]
[Site "Jesolo"]
[Date "1999.??.??"]
[Round "6"]
[White "Patelli, Alessandro"]
[Black "Golubovic, Boris"]
[Result "0-1"]
[WhiteElo "2225"]
[BlackElo "2457"]
[PlyCount "124"]
[EventDate "1999.??.??"]
[EventType "swiss"]
[EventRounds "6"]
[EventCountry "ITA"]
[SourceTitle "EXT 2001"]
[Source "ChessBase"]
[SourceDate "2000.11.22"]
[SourceVersion "1"]
[SourceVersionDate "2000.11.22"]
[SourceQuality "1"]

1. Nf3 d5 2. d4 Nf6 3. c4 dxc4 4. e3 Bg4 5. Bxc4 e6 6. 0-0 Nbd7 7. Nc3 Bb4 8. Be2 0-0 9. Qb3 c5 10. a3 Bxc3 11. bxc3 Qc7 12. c4 Rac8 13. Bb2 Bxf3 14. gxf3 cxd4 15. Bxd4 e5 16. Bb2 Rfe8 17. Kh1 Qc6 18. Rg1 Nc5 19. Qc2 Na4 20. Rg5 Nxb2 21. Qxb2 Nd7 22. Rb1 Rc7 23. Rgg1 Nc5 24. Rbd1 Rd7 25. Qb5 Red8 26. Qxc6 bxc6 27. Rxd7 Rxd7 28. Rd1 Kf8 29. Rxd7 Nxd7 30. Kg1 Ke7 31. Kf1 f5 32. Ke1 Kf6 33. Kd2 a5 34. Kc3 Kg5 35. Bf1 Nc5 36. Bg2 f4 37. Kc2 Kh4 38. Kc3 g5 39. Kc2 Nb7 40. Kd3 Nc5+ 41. Kc2 h6 42. Kc3 Kh5 43. Bh3 Kg6 44. Bc8 Kf6 45. Bg4 Ke7 46. Bc8 Kd6 47. Bf5 Na4+ 48. Kb3 Nb6 49. Kc3 Kc5 50. Bd3 Nd7 51. Bf5 Nf6 52. Kd3 Kd6 53. Kc3 h5 54. Kd3 h4 55. h3 Kc5 56. Kc3 Ne8 57. Bg6 Nd6 58. Bd3 fxe3 59. fxe3 e4 60. fxe4 Nf7 61. Bf1 Ne5 62. Be2 Kd6 0-1

[Event "ITA-ch op"]
[Site "Italy"]
[Date "1998.??.??"]
[Round "?"]
[White "Patelli, Alessandro"]
[Black "Rago, Riccardo"]
[Result "1/2-1/2"]
[WhiteElo "2235"]
[BlackElo "2195"]
[PlyCount "62"]
[EventDate "1998.??.??"]
[EventType "swiss"]
[EventRounds "7"]
[EventCountry "ITA"]
[SourceTitle "EXT 2002"]
[Source "ChessBase"]
[SourceDate "2001.11.25"]
[SourceVersion "1"]
[SourceVersionDate "2001.11.25"]
[SourceQuality "1"]

1. Nf3 Nf6 2. c4 g6 3. Nc3 Bg7 4. e4 d6 5. d4 0-0 6. Be2 e5 7. 0-0 Nc6 8. d5 Ne7 9. Nd2 Ne8 10. b4 f5 11. f3 g5 12. a4 f4 13. a5 Ng6 14. c5 h5 15. Nc4 g4 16. fxg4 Qg5 17. gxh5 Bh3 18. Rf2 Nh4 19. g3 Nf6 20. Kh1 Bg4 21. gxf4 exf4 22. Ra2 Bxe2 23. Rfxe2 Nxh5 24. e5 dxe5 25. Qg1 Ng3+ 26. hxg3 Nf3 27. Ne4 Qh5+ 28. Rh2 Nxh2 29. Rxh2 Qf3+ 30. Qg2 Qd1+ 31. Qg1 Qf3+ 1/2-1/2

[Event "Arco op 19th"]
[Site "Arco"]
[Date "1997.??.??"]
[Round "6"]
[White "Patelli, Alessandro"]
[Black "Contin, Daniel"]
[Result "1-0"]
[WhiteElo "2220"]
[BlackElo "2320"]
[PlyCount "91"]
[EventDate "1997.??.??"]
[EventType "swiss"]
[EventRounds "9"]
[EventCountry "ITA"]
[SourceTitle "EXT 2000"]
[Source "ChessBase"]
[SourceDate "1999.11.16"]
[SourceVersion "1"]
[SourceVersionDate "1999.11.16"]
[SourceQuality "1"]

1. Nf3 c5 2. c4 b6 3. g3 Bb7 4. Bg2 g6 5. 0-0 Bg7 6. d4 cxd4 7. Nxd4 Bxg2 8. Kxg2 Qc7 9. Qd3 Nc6 10. Nxc6 Qxc6+ 11. Qf3 Rc8 12. Na3 Nf6 13. Rd1 0-0 14. Be3 d6 15. Bd4 a6 16. b3 Ne4 17. Bxg7 Kxg7 18. Nc2 f5 19. Rac1 Qa8 20. Kg1 Rf6 21. Qe3 Qb7 22. f3 Nc5 23. b4 Na4 24. Qb3 b5 25. Nd4 Qb6 26. Kg2 e5 27. cxb5 Rxc1 28. Rxc1 exd4 29. Qxa4 d3 30. exd3 axb5 31. Qc2 Qe3 32. Qb2 g5 33. Rd1 g4 34. Qf2 gxf3+ 35. Qxf3 Qd4 36. Qf4 Qd5+ 37. Kg1 Re6 38. Rc1 Kg6 39. g4 Re2 40. gxf5+ Kf7 41. Qg4 Re7 42. f6 Rb7 43. Qg7+ Ke6 44. Re1+ Kf5 45. Rf1+ Ke6 46. f7 1-0

[Event "Imperia op 38th"]
[Site "Imperia"]
[Date "1996.??.??"]
[Round "4"]
[White "Biolek, Richard"]
[Black "Patelli, Alessandro"]
[Result "1-0"]
[WhiteElo "2395"]
[BlackElo "2240"]
[PlyCount "59"]
[EventDate "1996.??.??"]
[EventType "swiss"]
[EventRounds "9"]
[EventCountry "ITA"]
[SourceTitle "EXT 1999"]
[Source "ChessBase"]
[SourceDate "1998.11.16"]
[SourceVersion "1"]
[SourceVersionDate "1998.11.16"]
[SourceQuality "1"]

1. e4 c5 2. Nf3 d6 3. d4 cxd4 4. Nxd4 Nf6 5. Nc3 Nc6 6. Bc4 e6 7. Be3 Be7 8. Qe2 0-0 9. 0-0-0 Qc7 10. Bb3 a6 11. g4 Nd7 12. g5 Nc5 13. h4 Bd7 14. h5 b5 15. f3 Rfc8 16. g6 fxg6 17. Nxc6 Nxb3+ 18. axb3 Bxc6 19. hxg6 h6 20. Qh2 Bf8 21. Rdg1 d5 22. Bf4 Qa7 23. exd5 Bxd5 24. Nxd5 exd5 25. Qh5 Rd8 26. Kb1 Rd7 27. Bxh6 gxh6 28. g7 Bxg7 29. Qxh6 Kf8 30. Qe6 1-0

[Event "Imperia op 38th"]
[Site "Imperia"]
[Date "1996.??.??"]
[Round "5"]
[White "Patelli, Alessandro"]
[Black "Di Paolo, Raffaele"]
[Result "0-1"]
[WhiteElo "2240"]
[BlackElo "2285"]
[PlyCount "68"]
[EventDate "1996.??.??"]
[EventType "swiss"]
[EventRounds "9"]
[EventCountry "ITA"]
[SourceTitle "EXT 1999"]
[Source "ChessBase"]
[SourceDate "1998.11.16"]
[SourceVersion "1"]
[SourceVersionDate "1998.11.16"]
[SourceQuality "1"]

1. Nf3 g6 2. d4 Bg7 3. c4 Nf6 4. Nc3 d6 5. e4 0-0 6. Be2 e5 7. d5 a5 8. Bg5 h6 9. Bh4 Na6 10. Nd2 Qe8 11. 0-0 Bd7 12. a3 a4 13. Rc1 Nc5 14. Kh1 Nh7 15. Nb5 Bxb5 16. cxb5 Bf6 17. Bxf6 Nxf6 18. Qc2 b6 19. Qc4 Qe7 20. Rc3 h5 21. g3 Kg7 22. f3 h4 23. Kg2 Rh8 24. f4 hxg3 25. Rxg3 exf4 26. Rxf4 Qe5 27. Rgf3 Qg5+ 28. Kf1 Rxh2 29. Ke1 Nfd7 30. Rxf7+ Kg8 31. Qc3 Ne5 32. Rg3 Qh4 33. Rxc7 Ncd3+ 34. Kd1 Qxg3 0-1

[Event "ITA-chT"]
[Site "Italy"]
[Date "1996.??.??"]
[Round "?"]
[White "Rago, Riccardo"]
[Black "Patelli, Alessandro"]
[Result "0-1"]
[WhiteElo "2230"]
[BlackElo "2240"]
[PlyCount "67"]
[EventDate "1996.??.??"]
[EventType "team"]
[EventRounds "7"]
[EventCountry "ITA"]
[SourceTitle "EXT 2000"]
[Source "ChessBase"]
[SourceDate "1999.11.16"]
[SourceVersion "1"]
[SourceVersionDate "1999.11.16"]
[SourceQuality "1"]

1. e4 c5 2. Nf3 d6 3. d4 cxd4 4. Nxd4 Nf6 5. Nc3 Nc6 6. Be2 e5 7. Nb3 Be7 8. 0-0 0-0 9. Kh1 a5 10. a4 Be6 11. f4 exf4 12. Bxf4 d5 13. e5 Ne4 14. Bd3 f5 15. exf6 Bxf6 16. Qe2 Bxc3 17. bxc3 Bf5 18. c4 dxc4 19. Bxe4 Bxe4 20. Qxe4 cxb3 21. cxb3 Qd4 22. Qe6+ Kh8 23. Be3 Qb2 24. Rxf8+ Rxf8 25. Re1 h6 26. h3 Qc3 27. Bb6 Qd3 28. Kh2 Qd2 29. Re4 Rf6 30. Qc8+ Kh7 31. Qxb7 Qd6+ 32. Kh1 h5 33. Bg1 Qd1 34. Qa7 0-1